Salomon, Roi d'Israël / (Record no. 128468)

MARC details
000 -LEADER
campo de control de longitud fija 00526nam a2200181 i 4500
001 - NÚMERO DE CONTROL
campo de control 128468
003 - IDENTIFICADOR DE NÚMERO DE CONTROL
campo de control ES-MaACL
005 - FECHA Y HORA DE LA ÚLTIMA TRANSACCIÓN
campo de control 20230906193307.0
007 - CAMPO FIJO DE DESCRIPCIÓN FÍSICA--INFORMACIÓN GENERAL
campo de control de longitud fija t|
008 - DATOS DE LONGITUD FIJA--INFORMACIÓN GENERAL
campo de control de longitud fija 070514s1934 fr ||||1| fre d
100 1# - ENTRADA PRINCIPAL--NOMBRE DE PERSONA
Nombre de persona Tabouis, Geneviève R.
9 (RLIN) 109039
245 10 - MENCIÓN DEL TÍTULO
Título Salomon, Roi d'Israël /
Mención de responsabilidad, etc. G.R. Tabouis ; preface de N. Politis.
260 ## - PUBLICACIÓN, DISTRIBUCIÓN, ETC.
Lugar de publicación, distribución, etc. París :
Nombre del editor, distribuidor, etc. [Mayenne Floch],
Fecha de publicación, distribución, etc. 1934.
300 ## - DESCRIPCIÓN FÍSICA
Extensión 472 p. ;
Dimensiones 23 cm.
600 14 - PUNTO DE ACCESO ADICIONAL DE MATERIA--NOMBRE DE PERSONA
Nombre de persona Salomón
Títulos y otros términos asociados al nombre Rey de Israel.
9 (RLIN) 158274
700 1# - ENTRADA AGREGADA--NOMBRE PERSONAL
Nombre de persona Politis, N.
9 (RLIN) 92833
852 ## - LOCALIZACIÓN
Ubicación ES-MaACL
Número de control de estantería A-3126
Holdings
Estatus retirado Estado de pérdida Estado de daño No para préstamo Biblioteca de origen Biblioteca actual Ubicación en estantería Fecha de adquisición Fuente de adquisición Total de préstamos Signatura topográfica completa Código de barras Visto por última vez Precio de reemplazo Tipo de ítem Koha
        Biblioteca del Ateneo de Madrid Biblioteca del Ateneo de Madrid Sala Pecera Planta 1 17/01/2008     A-3126 1133797 23/02/2023 23/02/2023 Libro impreso